书目信息 |
| 题名: |
孟德斯鸠
|
|
| 作者: | 严仲仪 编 | |
| 分册: | ||
| 出版信息: | 北京 商务印书馆 1984 |
|
| 页数: | 42页 | |
| 开本: | 20cm | |
| 丛书名: | 外国历史小丛书 | |
| 单 册: | ||
| 中图分类: | B565.24 | |
| 科图分类: | ||
| 主题词: | 孟德斯鸠,C.(1689~1755)--哲学 , 孟德斯鸠,C.(1689~1755) | |
| 电子资源: | ||
| ISBN: | ||
| 000 | 00796nam0 2200253 45 | |
| 001 | 0105151085 | |
| 005 | 20050530112144.6 | |
| 010 | @dCNY0.16 | |
| 091 | @a11017.659 | |
| 100 | @a20010515d1984 km y0chiy0120 ea | |
| 101 | 0 | @achi@cfre |
| 105 | @a z 000yy | |
| 200 | 1 | @a孟德斯鸠@AMeng De Si Jiu@e法国杰出的启蒙运动者@EFa Guo Jie Chu De Qi Meng Yun Dong Zhe@f严仲仪编@FYan Zhong Yi Bian |
| 210 | @a北京@c商务印书馆@d1984 | |
| 215 | @a42页@d20cm | |
| 225 | @a外国历史小丛书 | |
| 410 | @12001 @a外国历史小丛书 | |
| 517 | @a法国杰出的启蒙运动者@AFa Guo Jie Chu De Qi Meng Yun Dong Zhe | |
| 606 | 0 | @a孟德斯鸠,C.(1689~1755)@x哲学 |
| 606 | 0 | @a孟德斯鸠,C.(1689~1755) |
| 690 | @aB565.24@v4 | |
| 701 | @a严仲仪@4编 | |
| 801 | @aCN@bPftUser@c20010515 | |
| 905 | @dB565.24@e4@f1@b121917 | |
| 孟德斯鸠:法国杰出的启蒙运动者/严仲仪编.-北京:商务印书馆,1984 |
| 42页;20cm.-(外国历史小丛书) |
| ISBN :CNY0.16 |
| ● |
| 相关链接 |
|
|
|
|
正题名:孟德斯鸠
索取号:B565.24/4
 
预约/预借
| 序号 | 登录号 | 条形码 | 馆藏地/架位号 | 状态 | 备注 |
| 1 | 0121915 | 000578306 | 密集书库/ [索取号:B565.24/4] | 在馆 | |
| 2 | 0121916 | 000578011 | 密集书库/ [索取号:B565.24/4] | 在馆 | |
| 3 | 0121917 | 000578057 | 第一样本阅览室/ [索取号:B565.24/4] | 在馆 |